[Event "45th FIDE Chess Olympiad Open"]
[Site "Budapest, Hungary"]
[Date "2024.09.13"]
[Round "3.104"]
[White "Gretarsson, Helgi Ass"]
[Black "Mendez Ramirez, Victor"]
[Result "1-0"]
[WhiteElo "2450"]
[BlackElo "2191"]
[PlyCount "71"]
[EventDate "2024.??.??"]
[WhiteTeam "Iceland"]
[BlackTeam "Dominican Republic"]
[WhiteTeamCountry "ISL"]
[BlackTeamCountry "DOM"]
[WhiteClock "0:06:51"]
[BlackClock "0:00:33"]

1. Nf3 Nf6 2. c4 b6 3. g3 Bb7 4. Bg2 c5 5. O-O e6 6. Nc3 Be7 7. Re1 Ne4 8. Qc2 Nxc3 9. dxc3 ({RR} 9. bxc3 Nc6 10. d3 O-O 11. e4 Rc8 12. Nd2 f5 13. e5 f4 14. Qd1 Qe8 15. Nf1 Bg5 16. Nd2 Be7 17. Nf1 g5 18. Be4 Qf7 19. g4 Rfd8 20. Nd2 d6 21. Nf3 Qg7 22. exd6 Rxd6 23. Bb2 Bf6 {Chen,Q (2485)-Pultinevicius,P (2596) Riga LAT 2024 0-1 (68)}) 9... Qc7 10. e4 d6 11. Be3 $146 ({RR} 11. Bg5 Nc6 12. Bxe7 {½-½ (12) Paul,J (2304)-Heyder,F (2186) Magdeburg 2017}) 11... Nd7 12. Nd2 h5 13. a4 h4 14. a5 Ne5 15. a6 Bc6 16. Qd1 hxg3 17. hxg3 O-O-O 18. f4 Nd7 19. Bf2 g5 20. f5 Ne5 21. Qe2 g4 22. Be3 Rdg8 23. Bf4 Bg5 24. Bxe5 dxe5 25. Nf1 Qe7 26. Ne3 Bf4 27. Nf1 Qg5 28. Rad1 Kc7 29. b4 cxb4 30. cxb4 Rh6 31. gxf4 exf4 32. Qd2 exf5 33. b5 Ba8 34. Qd7+ Kb8 35. exf5 f3 36. Re8+ 1-0

[Event "45th FIDE Chess Olympiad Open"]
[Site "Budapest, Hungary"]
[Date "2024.09.13"]
[Round "3.105"]
[White "Henriquez Villagra, Cristobal"]
[Black "Johnson, Joshua"]
[Result "1-0"]
[WhiteElo "2604"]
[BlackElo "2267"]
[PlyCount "60"]
[EventDate "2024.??.??"]
[WhiteTeam "Chile"]
[BlackTeam "Trinidad & Tobago"]
[WhiteTeamCountry "CHI"]
[WhiteClock "0:20:09"]
[BlackClock "0:01:31"]

1. Nf3 d5 2. g3 Bg4 3. Bg2 c6 4. O-O Nf6 5. h3 Bh5 6. d4 e6 7. c4 Be7 8. Nc3 h6 $146 ({RR} 8... O-O 9. g4 Bg6 10. Ne5 Nbd7 11. Nxg6 hxg6 12. b3 Qa5 13. Bd2 Qc7 14. Rc1 Nb6 15. c5 Nbd7 16. e3 b6 17. cxb6 axb6 18. a4 Rac8 19. b4 Qb7 20. b5 cxb5 21. axb5 Rc7 22. g5 Ne8 23. e4 {Friedel,J (2536)-Mulyar,M (2395) Norfolk 2017 ½-½ (45)}) ({RR} 8... O-O 9. Ne5 Nfd7 10. cxd5 Nxe5 11. dxe5 exd5 12. g4 Bg6 13. f4 f5 14. Be3 Na6 15. Rc1 Kh8 16. Nxd5 cxd5 17. Qxd5 b6 18. Qxa8 Qxa8 19. Bxa8 Rxa8 20. Rfd1 Kg8 21. e6 Bc5 22. Rc3 Re8 23. Rd5 {Carlsen,M (2864)-Le,Q (2728) Miami 2022 1-0 (34)}) ({RR} 8... O-O 9. cxd5 cxd5 10. Ne5 Nc6 11. g4 Bg6 12. Nxg6 hxg6 13. e3 Rc8 14. Bd2 Ne8 15. Rc1 Nd6 16. b3 Qd7 17. Qe2 Rc7 18. Na4 b6 19. Nc3 Rfc8 20. Nb5 Nxb5 21. Qxb5 Ba3 22. Rc2 Nb8 23. Rxc7 {Teclaf,P (2553)-Rapport,R (2715) Almaty KAZ 2024 ½-½ (60)}) ({RR} 8... Nbd7 9. Qb3 Qb6 10. c5 Qxb3 11. axb3 O-O 12. b4 Ne4 13. g4 Bg6 14. Bf4 f5 15. gxf5 Bxf5 16. Ne5 Nxe5 17. Bxe5 Nd2 18. Rfe1 Bh4 19. Bg3 Bxg3 {½-½ (19) Pantzar,M (2390)-Hansen,L (2196) Tylosand 2019}) ({RR} 8... Nbd7 9. cxd5 exd5 10. Nh4 Bg6 11. Nxg6 hxg6 12. h4 O-O 13. a3 Re8 14. Bf3 Bd6 15. Qd3 Qe7 16. Bg5 Qe6 17. Bxf6 Nxf6 18. Kg2 Ne4 19. Rh1 Rad8 20. Rac1 f5 21. e3 Re7 22. Ne2 g5 23. hxg5 {Dolgova,O (2218)-Wagner,D (2467) Budva MNE 2023 ½-½ (31)}) 9. Ne5 Nfd7 10. Nd3 Bg6 11. Nf4 Bh7 12. cxd5 cxd5 13. e4 dxe4 14. d5 exd5 15. Nfxd5 O-O 16. Bf4 Nc6 17. Nxe7+ Nxe7 18. Nxe4 Ng6 19. Be3 b6 20. Bxh6 Nge5 21. Bg5 f6 22. Bf4 Rc8 23. Nd6 Rc2 24. Qd5+ Kh8 25. Rad1 Qc7 26. b4 Bg8 27. Qe4 Bh7 28. Qd4 Nc6 29. Qd5 Nde5 30. a3 Rc3 1-0

[Event "45th FIDE Chess Olympiad Open"]
[Site "Budapest, Hungary"]
[Date "2024.09.13"]
[Round "3.106"]
[White "Cabralis, Quinn"]
[Black "Vasquez Schroeder, Rodrigo"]
[Result "0-1"]
[WhiteElo "2169"]
[BlackElo "2457"]
[PlyCount "100"]
[EventDate "2024.??.??"]
[WhiteTeam "Trinidad & Tobago"]
[BlackTeam "Chile"]
[BlackTeamCountry "CHI"]
[WhiteClock "0:02:10"]
[BlackClock "0:22:18"]

1. e4 c6 2. d4 d5 3. e5 Bf5 4. h4 Qb6 5. a4 a5 ({RR} 5... h6 6. g4 Bd7 7. a5 Qc7 8. c4 e6 9. c5 h5 10. gxh5 Nh6 11. Bg5 Na6 12. Nf3 Nf5 13. Nc3 Rxh5 14. Bd3 Nxd4 15. Nxd4 Qxe5+ 16. Be2 Bxc5 17. Be3 Rh8 18. Nf3 Qc7 19. Bxc5 Nxc5 20. b4 {Morozevich,A (2711)-Hovhannisyan,R (2599) Kazan 2015 1-0 (39)}) 6. h5 h6 7. g4 ({RR} 7. Nc3 e6 8. g4 Bh7 9. f4 Bb4 10. Bg2 Ne7 11. Nge2 Nd7 12. O-O c5 13. Be3 O-O 14. Nb5 f6 15. c3 cxd4 16. Bf2 Bc5 17. cxd4 Bb4 18. Qb3 fxe5 19. dxe5 Nc5 20. Qg3 Qd8 21. Ned4 Be4 {Talwalkar,V (2094)-Jackson,E (2156) Budapest HUN 2024 1-0 (56)}) 7... Bd7 8. c3 $146 ({RR} 8. f4 c5 9. dxc5 Qb4+ 10. Kf2 e6 11. Nc3 Bxc5+ 12. Kg3 Qb6 13. Nf3 Ne7 14. Nb5 Nbc6 15. c3 f6 16. Bd3 fxe5 17. fxe5 Rf8 18. Qe2 O-O-O 19. Bd2 Nxe5 20. Nxe5 Rf2 21. Qe1 Bxb5 22. Bxb5 Rdf8 {Nestorovic,N (2449)-Radivojevic,I (2356) Kragujevac 2015 0-1}) ({RR} 8. Nc3 e6 9. f4 c5 10. Nb5 cxd4 11. Nf3 Nc6 12. Nfxd4 Nxd4 13. Qxd4 Bc5 14. Qd3 Ne7 15. Bd2 d4 16. Bg2 Bc6 17. O-O f5 18. exf6 gxf6 19. Rae1 O-O-O 20. Rxe6 Bxb5 21. Qb3 d3+ 22. Kh2 Bc6 {Sanchez Aller,F (2344)-Starostits,I (2449) Santiago de Compostela 2018 0-1 (39)}) ({RR} 8. f4 e6 9. Nf3 c5 10. c3 Nc6 11. Na3 cxd4 12. cxd4 Bb4+ 13. Kf2 Nge7 14. Nb5 Na7 15. Nxa7 Rxa7 16. Be3 Ra8 17. Bd3 Nc6 18. Rc1 Be7 19. b3 Nb4 20. Bb1 Qd8 21. g5 Rb8 22. Qd2 Nc6 {Sanchez Aller,F (2337)-Abelleira Gonzalez,D (1838) Padron 2021 1-0}) 8... e6 9. Na3 c5 10. Nf3 cxd4 11. Nxd4 Nc6 12. Nab5 Bc5 13. Be3 Nxe5 14. b4 axb4 15. a5 Qd8 16. Nxe6 fxe6 17. Bxc5 Bxb5 18. Bxb5+ Kf7 19. cxb4 Nf6 20. Qe2 Qc7 21. Bd4 Nexg4 22. Qf3 Qd6 23. Rb1 e5 24. Bc5 Qe6 25. Rg1 g6 26. hxg6+ Kg7 27. Qh3 Qf5 28. Rb3 b6 29. Bxb6 Rhc8 30. Kf1 d4 31. Rf3 Qxf3 32. Qxf3 Nh2+ 33. Kg2 Nxf3 34. Kxf3 Rc3+ 35. Ke2 Nd5 36. Ra1 Nxb4 37. Rb1 Nd5 38. Bd7 Rb8 39. Rb5 Nxb6 40. axb6 Rb7 41. Bf5 Rc6 42. Rxe5 Rcxb6 43. Be4 Rd7 44. Bd3 Rb3 45. f4 Ra7 46. f5 Ra2+ 47. Kf1 Rxd3 48. Re7+ Kf6 49. Rf7+ Kg5 50. Ke1 Rh3 0-1

[Event "45th FIDE Chess Olympiad Open"]
[Site "Budapest, Hungary"]
[Date "2024.09.13"]
[Round "3.107"]
[White "Lopez Silva, Hugo"]
[Black "Cupid, Kevin"]
[Result "1-0"]
[WhiteElo "2379"]
[BlackElo "2201"]
[PlyCount "87"]
[EventDate "2024.??.??"]
[WhiteTeam "Chile"]
[BlackTeam "Trinidad & Tobago"]
[WhiteTeamCountry "CHI"]
[WhiteClock "0:25:40"]
[BlackClock "0:30:31"]

1. e4 c6 2. d4 d5 3. exd5 cxd5 4. c4 Nf6 5. Nc3 g6 6. Qb3 Bg7 7. cxd5 O-O 8. Be2 Nbd7 9. Bf3 Nb6 10. Nge2 Bg4 11. Bxg4 Nxg4 12. a4 Nf6 13. Nf4 g5 14. Nfe2 h6 15. h4 g4 16. Nf4 a5 17. O-O Rc8 $146 ({RR} 17... Qd6 18. Re1 Qb4 19. Qd1 Qd6 20. Ne4 Nxe4 21. Rxe4 Nxd5 22. Nxd5 Qxd5 23. Rxg4 Kh7 24. Ra3 f5 25. Rgg3 Qxd4 26. Qh5 Ra6 27. Rab3 f4 28. Rgd3 Qxa4 29. Rxb7 Qc6 30. Rxe7 Qxc1+ 31. Kh2 Qxb2 32. Rdd7 {Schmidt,G (2306)-Velicka,P (2373) Bayern 2005 0-1 (36)}) ({RR} 17... Qd6 18. Nb5 Qd7 19. d6 exd6 20. Nc3 Ra6 21. Be3 Rc8 22. Rac1 g3 23. Nb5 gxf2+ 24. Bxf2 d5 25. Nd3 Nc4 26. Ne5 Qe6 27. Rfe1 Nxe5 28. Rxc8+ Qxc8 29. dxe5 Ng4 30. Qxd5 Nxf2 31. Kxf2 Qc2+ 32. Kg1 {Zakhartsov,V (2538)-Rumiantsev,A (2307) St Petersburg 2004 ½-½ (43)}) ({RR} 17... Qd6 18. Re1 Rfe8 19. g3 Rac8 20. Re2 Qb4 21. Qd1 Qd6 22. Ne4 Nxe4 23. Rxe4 Nxd5 24. Nh5 Nf6 25. Nxf6+ Qxf6 26. Be3 h5 27. Re5 Qg6 28. Rg5 Qe4 29. Qe1 Qc2 30. Rxh5 b6 31. Rb5 Red8 32. Rxb6 {Kalinichev,A (2424)-Trubizin,I (2141) Raskazovo 2016 1-0 (53)}) 18. Bd2 Nc4 19. Rad1 Qd6 20. Bc1 Qb4 21. Qa2 Nd6 22. Rfe1 Nf5 23. Nb5 g3 24. f3 Nxd4 25. Bd2 Qb3 26. Qxb3 Nxb3 27. Bc3 Rc4 28. Ne2 Rd8 29. d6 exd6 30. Nxd6 Rc7 31. Nf5 Rxd1 32. Rxd1 Nh5 33. Nxg7 Nxg7 34. Rd8+ Kh7 35. Nxg3 Ne6 36. Rh8+ Kg6 37. Rg8+ Kh7 38. Rh8+ Kg6 39. h5+ Kg5 40. Rg8+ Kf4 41. Kf2 Ng5 42. Re8 Ne6 43. Ne2+ Kg5 44. Rg8+ 1-0

[Event "45th FIDE Chess Olympiad Open"]
[Site "Budapest, Hungary"]
[Date "2024.09.13"]
[Round "3.108"]
[White "Mc Intosh, Isaiah"]
[Black "Marrujo Pardo, Mauricio Emmanuel"]
[Result "0-1"]
[WhiteElo "2249"]
[BlackElo "2332"]
[PlyCount "88"]
[EventDate "2024.??.??"]
[WhiteTeam "Trinidad & Tobago"]
[BlackTeam "Chile"]
[BlackTeamCountry "CHI"]
[WhiteClock "0:01:48"]
[BlackClock "0:02:43"]

1. d4 Nf6 2. c4 e6 3. Nf3 d5 4. g3 Be7 5. Bg2 O-O 6. O-O dxc4 7. Qc2 b5 8. a4 b4 9. Nfd2 c6 10. Nxc4 Qxd4 11. Be3 Qd8 12. Nbd2 ({RR} 12. Rd1 Nd5 13. Bf4 Nd7 14. e4 Nxf4 15. gxf4 Qc7 16. e5 Bb7 17. Nd6 Bxd6 18. Rxd6 Nb6 19. Nd2 Rfd8 20. Ne4 c5 21. Rad1 Rxd6 22. exd6 Qd8 23. Ng5 g6 24. Bxb7 Rb8 25. Bg2 Rc8 26. a5 Nd7 {Siekanska,M (2182)-Ahmad,K (2317) chess.com INT 2024 1-0 (58)}) 12... Nd5 13. Nb3 Ba6 14. Rfd1 $146 ({RR} 14. Bd4 Nd7 15. e4 N5b6 16. Nbd2 c5 17. Be3 Rc8 18. Rfd1 Qc7 19. a5 Nxc4 20. Nxc4 Bxc4 21. Qxc4 Ne5 22. Qa6 Rfd8 23. b3 h6 24. h3 Nc6 25. Qb5 Nd4 26. Qc4 Bf6 27. Rab1 Qd6 28. Kh2 Qc7 {Ronka,E (2310)-Tarasenka,A (2124) Chess.com INT 2021 1-0 (66)}) ({RR} 14. Bd4 Nd7 15. Nca5 c5 16. Nc6 Qe8 17. Nxc5 Bxc5 18. Bxc5 b3 19. Qc1 Nxc5 20. Qxc5 Kh8 21. Qd6 Qc8 22. Bf3 Qb7 23. Na5 Qb6 24. Qxb6 axb6 25. Nxb3 Rfc8 26. Bxd5 exd5 27. Nd4 Rc4 28. Rfd1 g6 {Rydl,J (2422)-Nayhebaver,M (2481) Czech Republic 2019 1-0 (50)}) ({RR} 14. Bc5 Nd7 15. Bxe7 Qxe7 16. Rfd1 c5 17. Nba5 N7b6 18. Ne5 Rac8 19. e4 Nf6 20. Nec6 Qc7 21. Qxc5 b3 22. Rac1 Kh8 23. Qb4 Nc4 24. Rxc4 Bxc4 25. Qxc4 Qb6 26. Qb5 Rc7 27. e5 Nd5 28. Bxd5 exd5 {Ibrahimli,M (2436)-Senlle Caride,M (2354) Chess.com INT 2021 1-0 (40)}) 14... Qc7 15. Bc5 Nd7 16. Bxe7 Nxe7 17. Rac1 Rfd8 18. Nd6 Ne5 19. Nb5 Qb6 20. N5d4 Nc4 21. e3 Rac8 22. Bf1 c5 23. Nf3 Rxd1 24. Rxd1 Na5 25. Bxa6 Qxa6 26. Qxc5 Nd5 27. Qxa5 Qe2 28. Re1 Qxf3 29. Nd4 Qe4 30. Qxa7 h5 31. Qa6 Rc7 32. Qe2 e5 33. Qf3 Nf6 34. Qxe4 Nxe4 35. Nb5 Rc2 36. f4 Rxb2 37. fxe5 b3 38. Nd4 Nc5 39. Rc1 Nxa4 40. Nxb3 Rxb3 41. Rc4 Nc3 42. Kf2 Nd1+ 43. Ke2 Nxe3 44. Re4 Nf5 0-1

[Event "45th FIDE Chess Olympiad Open"]
[Site "Budapest, Hungary"]
[Date "2024.09.13"]
[Round "3.109"]
[White "El Jawich, Amro"]
[Black "Fawzy, Adham"]
[Result "0-1"]
[WhiteElo "2296"]
[BlackElo "2507"]
[PlyCount "80"]
[EventDate "2024.??.??"]
[WhiteTeam "Lebanon"]
[BlackTeam "Egypt"]
[WhiteTeamCountry "LBN"]
[BlackTeamCountry "EGY"]
[WhiteClock "0:01:26"]
[BlackClock "0:05:13"]

1. e4 c5 2. Nf3 Nc6 3. Bc4 e6 4. O-O Nf6 5. Re1 Nxe4 6. Rxe4 d5 7. Bxd5 Qxd5 8. Nc3 Qd7 9. d4 cxd4 10. Nxd4 Be7 ({RR} 10... Bc5 11. Be3 Bxd4 12. Bxd4 O-O 13. Be3 {½-½ (13) Yu Yangyi (2703)-Andreikin,D (2729) Almaty KAZ 2024}) 11. Bf4 $146 ({RR} 11. Be3 O-O 12. Qh5 f5 13. Nxc6 fxe4 14. Ne5 Qe8 15. Qg4 Bf6 16. Qxe4 Bd7 17. Bc5 Bxe5 18. Qxe5 Rf5 19. Qe3 Bc6 20. Ne2 Rd8 21. Ng3 Rfd5 22. h3 Qg6 23. Re1 Rd1 24. Kh2 Rxe1 25. Qxe1 Rd5 {Pinheiro,I (2320)-Bas Mas,J (2241) chess.com INT 2022 1-0 (53)}) ({RR} 11. Nxc6 Qxc6 12. Rg4 Bf6 13. Ne4 e5 14. Nxf6+ Qxf6 15. Re4 Bf5 16. Re3 O-O 17. Qe2 Rac8 18. c3 Rfd8 19. h3 e4 20. Rg3 Rd3 21. Be3 Qd6 22. Qh5 Bg6 23. Qb5 b6 24. Qa4 Qc7 25. Re1 f5 {Bitoon,R (2439)-Branzuela,A (2209) Manila 2008 ½-½ (46)}) ({RR} 11. Qg4 Bf6 12. Nxc6 Qxc6 13. Bg5 Bxc3 14. bxc3 b6 15. Rd1 Bb7 16. f3 h5 17. Qg3 Qxc3 18. Red4 Bd5 19. Qd6 Qc5 20. Qe5 f6 21. Bxf6 gxf6 22. Qxf6 Rf8 23. Qg6+ Ke7 24. Qg5+ Kd7 25. c4 Rg8 {Bordi,K (2288)-Andreikin,D (2729) chess.com INT 2022 1-0 (46)}) 11... O-O 12. Nb3 Qxd1+ 13. Rxd1 Rd8 14. Ree1 Rxd1 15. Rxd1 e5 16. Nd5 Bf8 17. Be3 Bf5 18. Rd2 Rd8 19. c4 Rc8 20. Bc5 b6 21. Bxf8 Kxf8 22. f4 Be6 23. Na1 exf4 24. Nc2 Rd8 25. Nd4 Nxd4 26. Rxd4 g5 27. Kf2 Bxd5 28. cxd5 Ke7 29. Kf3 f5 30. h4 h6 31. h5 Kd6 32. Rc4 Kxd5 33. Rc7 a5 34. Rf7 Ke6 35. Rh7 Rd2 36. b3 Rxa2 37. Rb7 Ke5 38. Re7+ Kd6 39. Rh7 Rb2 40. Rxh6+ Ke5 0-1

[Event "45th FIDE Chess Olympiad Open"]
[Site "Budapest, Hungary"]
[Date "2024.09.13"]
[Round "3.110"]
[White "Wageih, Kareim"]
[Black "Khoder, Akram"]
[Result "1-0"]
[WhiteElo "2402"]
[BlackElo "2239"]
[PlyCount "119"]
[EventDate "2024.??.??"]
[WhiteTeam "Egypt"]
[BlackTeam "Lebanon"]
[WhiteTeamCountry "EGY"]
[BlackTeamCountry "LBN"]
[WhiteClock "0:01:18"]
[BlackClock "0:01:23"]

1. d4 d5 2. c4 c6 3. cxd5 cxd5 4. Nc3 Nf6 5. Bf4 a6 6. e3 Nc6 7. Bd3 Bg4 8. Nge2 e6 9. O-O Bd6 10. Bxd6 Qxd6 11. h3 Bxe2 12. Qxe2 ({RR} 12. Bxe2 O-O 13. Rc1 Rfc8 14. Na4 Nd7 15. Qd2 Rc7 16. a3 Rac8 17. b4 Ne7 18. Nc5 g6 19. Bd3 Nb8 20. f4 Nd7 21. Rc2 b5 22. Nxd7 Qxd7 23. Rc5 Rxc5 24. bxc5 Rb8 25. Rb1 Qc7 26. g3 Nc6 {L'Ami,E (2635)-Dreev,A (2595) chess.com INT 2024 1-0 (67)}) 12... O-O 13. Rac1 b5 14. Rfd1 $146 ({RR} 14. a4 b4 15. Nb1 Na5 16. Nd2 Rfc8 17. Bxa6 Rxc1 18. Rxc1 Nd7 19. Bb5 Nb6 20. Qd3 Qd8 21. b3 Rc8 22. Rxc8 Qxc8 23. Ba6 Qc1+ 24. Kh2 Qc7+ 25. Kg1 Qc1+ 26. Kh2 Qc7+ 27. Kg1 Qc1+ {½-½ (27) Vamos,V (2185)-Korpa,B (2228) Hungary 2010}) 14... Rfc8 15. Qe1 Qb4 16. Rc2 Rc7 17. Rdc1 Rac8 18. Qd2 Qe7 19. Ne2 Ne8 20. Rc5 Nd6 21. b3 Nb7 22. R5c3 Qa3 23. e4 Qd6 24. exd5 Qxd5 25. Qc2 Qd8 26. Bxh7+ Kh8 27. Qe4 Nd6 28. Qf3 Nxd4 29. Nxd4 Rxc3 30. Rxc3 Rxc3 31. Qxc3 Kxh7 32. Qc6 Ne8 33. Qc5 Nf6 34. Qa7 Qd6 35. Nf3 Qd1+ 36. Kh2 Qd6+ 37. Kg1 Qd1+ 38. Kh2 Qd6+ 39. g3 Qd5 40. Kg2 e5 41. Qe3 Nd7 42. Kh2 Kg8 43. Ng5 Nc5 44. Qc3 e4 45. h4 f6 46. Nh3 Nd3 47. Qc8+ Kh7 48. Qg4 Qe5 49. h5 e3 50. Qg6+ Kg8 51. h6 Qe7 52. h7+ Kh8 53. Qxd3 e2 54. Nf4 e1=N 55. Ng6+ Kxh7 56. Qf5 Qe8 57. Ne7+ Kh6 58. Qf4+ g5 59. Qxf6+ Kh7 60. Qf5+ 1-0

[Event "45th FIDE Chess Olympiad Open"]
[Site "Budapest, Hungary"]
[Date "2024.09.13"]
[Round "3.111"]
[White "Arkadan, Adib"]
[Black "Wafa, Hamed"]
[Result "0-1"]
[WhiteElo "2181"]
[BlackElo "2368"]
[PlyCount "114"]
[EventDate "2024.??.??"]
[WhiteTeam "Lebanon"]
[BlackTeam "Egypt"]
[WhiteTeamCountry "LBN"]
[BlackTeamCountry "EGY"]
[WhiteClock "0:15:22"]
[BlackClock "1:15:19"]

1. Nf3 c5 2. c4 Nf6 3. Nc3 Nc6 4. g3 d6 5. Bg2 g6 6. O-O Bg7 7. d4 cxd4 8. Nxd4 Bd7 9. b3 O-O 10. Bb2 Nxd4 11. Qxd4 Bc6 12. Nd5 Bxd5 13. Bxd5 Ne8 14. Qd2 Bxb2 15. Qxb2 Qc7 ({RR} 15... Qb6 16. e3 Nc7 17. Rfd1 Rfc8 18. Rac1 Nxd5 19. Rxd5 Rc5 20. Qd2 a5 21. e4 Qb4 22. Qe3 a4 23. Rxc5 Qxc5 24. Qxc5 dxc5 25. Rb1 axb3 26. Rxb3 Rxa2 27. Rxb7 Rc2 28. Rxe7 Rxc4 29. Rc7 Rxe4 30. Rxc5 {Malakhov,V (2705)-Andreikin,D (2689) Plovdiv 2012 ½-½ (41)}) ({RR} 15... Rb8 16. Rad1 b5 17. c5 e6 18. Bf3 b4 19. e4 Qe7 20. c6 Nc7 21. Qd4 Rfd8 22. Qxa7 Ra8 23. Qd4 Rxa2 24. Qxb4 Raa8 25. e5 Na6 26. exd6 Qf6 27. Qf4 Qc3 28. c7 Rd7 29. Bxa8 {1-0 (29) Sipila,V (2447)-Bugayev,V (2085) chess.com INT 2024}) 16. Rfd1 Nf6 17. Bf3 Rfc8 $146 ({RR} 17... Rfd8 18. Rac1 Rac8 19. Qd2 b6 20. Qh6 Qd7 21. Rd4 Qe8 22. Rcd1 Qf8 23. Qd2 Rc7 24. Kg2 Rdc8 25. h4 Qg7 26. Qe3 h6 27. a4 a5 28. R4d3 Rb8 29. Rb1 Qf8 30. Rc3 Nd7 31. h5 g5 32. Be4 {Suess,S (2004)-Wagner,L (1957) Fuerth 2015 1-0 (75)}) ({RR} 17... Rac8 18. Rd4 Rfd8 19. Rad1 h6 20. Qd2 a6 21. h3 b5 22. Bg2 Qd7 23. e4 bxc4 24. bxc4 Qe6 25. e5 Ne8 26. Bd5 Qxe5 27. Re1 Qg7 28. Rxe7 Rc7 29. Bxf7+ Kf8 30. Rxe8+ Rxe8 31. Bxe8 Kxe8 32. Rxd6 {Aghayev,N (2306)-Hasanli,S (1997) Baku 2007 1-0 (33)}) ({RR} 17... Rac8 18. Rac1 b6 19. e3 Rfd8 {½-½ (19) Gerland,F-Reinsch,S Lingen 1995}) 18. Qd4 a6 19. Rac1 Rab8 20. b4 b6 21. Rd3 a5 22. a3 Qa7 23. Rdc3 Rc7 24. c5 bxc5 25. bxc5 Rbc8 26. Kg2 Rxc5 27. Rxc5 dxc5 28. Qe3 Qc7 29. Rb1 c4 30. Qc3 Qc5 31. e4 Rd8 32. e5 Nd5 33. Bxd5 Rxd5 34. e6 f6 35. Rc1 Rd4 36. Qf3 Rd2 37. Rc3 Kg7 38. Qf4 Qd5+ 39. Qf3 Qd4 40. Re3 f5 41. Qb7 Qd5+ 42. Qxd5 Rxd5 43. Kf1 Kf6 44. f4 Rd3 45. Rxd3 cxd3 46. Kf2 Kxe6 47. Ke3 Kd5 48. Kxd3 e5 49. fxe5 Kxe5 50. Ke3 g5 51. h3 h5 52. Kf3 f4 53. gxf4+ gxf4 54. Kf2 Ke4 55. Ke2 f3+ 56. Kf2 Kf4 57. a4 h4 0-1

[Event "45th FIDE Chess Olympiad Open"]
[Site "Budapest, Hungary"]
[Date "2024.09.13"]
[Round "3.112"]
[White "Sadek, Sameh"]
[Black "Kassis, Antoine"]
[Result "0-1"]
[WhiteElo "2269"]
[BlackElo "2085"]
[PlyCount "89"]
[EventDate "2024.??.??"]
[WhiteTeam "Egypt"]
[BlackTeam "Lebanon"]
[WhiteTeamCountry "EGY"]
[BlackTeamCountry "LBN"]
[WhiteClock "0:48:42"]
[BlackClock "0:26:19"]

1. Nf3 c5 2. b3 Nc6 3. Bb2 d6 4. e4 Nf6 5. Nc3 g6 6. d4 cxd4 7. Nxd4 Nxd4 8. Qxd4 Bg7 9. O-O-O O-O 10. Qd2 $146 ({RR} 10. Kb1 Ng4 11. Qd2 Be6 12. h3 Ne5 13. f4 Nc6 14. g4 Qa5 15. Nd5 Qxd2 16. Rxd2 Rac8 17. c4 Rfe8 18. Bg2 a5 19. Re1 Bxb2 20. Kxb2 f6 21. Ne3 Kg7 22. h4 a4 23. g5 fxg5 24. hxg5 Rf8 {Messina,E (2147)-De Rosa,F (1948) Napoli 2009 1-0 (62)}) ({RR} 10. f3 Nd7 11. Qe3 Qa5 12. Kb1 Nb6 13. h4 Be6 14. h5 Rfc8 15. Nd5 Nxd5 16. exd5 Bf5 17. Bd3 Bxb2 18. Bxf5 gxf5 19. Kxb2 Rc5 20. h6 Rac8 21. c4 Qb6 22. Qxe7 Rxc4 23. Qg5+ Kf8 24. Qg7+ Ke8 {Zienkiewicz,J (2151)-Senft,S (2054) chess.com INT 2024 0-1 (45)}) 10... Qa5 11. Kb1 Be6 12. f3 Rfc8 13. Bd3 Ne8 14. Ne2 Qxd2 15. Rxd2 Nc7 16. c4 Bxb2 17. Kxb2 a6 18. Rc1 b6 19. Rdc2 a5 20. a3 Na6 21. Nf4 Nc5 22. Be2 Rab8 23. b4 Nd7 24. Nxe6 fxe6 25. f4 Rc7 26. Kb3 axb4 27. axb4 Rf8 28. Rf1 e5 29. f5 gxf5 30. exf5 Ra7 31. Ra2 Rxa2 32. Kxa2 Ra8+ 33. Kb3 Kg7 34. Bf3 Ra7 35. g4 h6 36. h4 Kf6 37. Be4 e6 38. g5+ hxg5 39. fxe6+ Kxe6 40. Bd5+ Ke7 41. hxg5 Ke8 42. g6 Nb8 43. Rh1 Nd7 44. g7 Nf6 45. Rh8+ 0-1

[Event "45th FIDE Chess Olympiad Open"]
[Site "Budapest, Hungary"]
[Date "2024.09.13"]
[Round "3.113"]
[White "Dardha, Daniel"]
[Black "Lee, Junhyeok"]
[Result "1/2-1/2"]
[WhiteElo "2603"]
[BlackElo "2364"]
[PlyCount "143"]
[EventDate "2024.??.??"]
[WhiteTeam "Belgium"]
[BlackTeam "South Korea"]
[WhiteTeamCountry "BEL"]
[WhiteClock "0:00:51"]
[BlackClock "0:02:18"]

1. c4 e5 2. g3 d6 3. Bg2 g6 4. d4 Nd7 5. Nf3 Bg7 6. Nc3 Ngf6 7. O-O O-O 8. e4 exd4 9. Nxd4 Nc5 10. Nb3 Ne6 ({RR} 10... Ncd7 11. Bf4 Re8 12. h3 a5 13. Qc2 Nh5 14. Be3 Ne5 15. Nd2 Be6 16. Nd5 Nd7 17. Rad1 c6 18. Nc3 Rc8 19. Ne2 Qe7 20. Nb3 Ne5 21. c5 a4 22. Nbc1 d5 23. Qxa4 Nc4 24. Bd4 Bxd4 25. Rxd4 {Nikolic,P (2622)-Sethuraman,S (2640) Kragujevac 2016 0-1 (82)}) ({RR} 10... Nxb3 11. axb3 a5 12. h3 c6 13. Bf4 Ne8 14. Be3 f5 15. Qd2 Qf6 16. Rad1 fxe4 17. Bd4 Qxd4 18. Qxd4 Bxd4 19. Rxd4 Ra6 20. Nxe4 Rb6 21. c5 dxc5 22. Nxc5 Rb5 23. Rc1 Rf5 24. Rd8 Kf7 25. Re1 {Arvelo Leo,G (2115)-Mesa Cruz,J (1978) Santo Domingo 2021 0-1 (52)}) 11. Be3 a5 $146 ({RR} 11... c6 12. h3 Qc7 13. Qd2 Rd8 14. Rfd1 b6 15. Rac1 Bb7 16. f4 Rd7 17. f5 Nc5 18. Bf4 Nxb3 19. axb3 Rad8 20. g4 Ne8 21. b4 Be5 22. b5 c5 23. Rf1 gxf5 24. gxf5 f6 25. Bh6 Kh8 26. Ne2 {Gervais,V (2225)-Farnan,S Scotland 1995 1-0 (38)}) 12. a4 c6 13. h3 Qe7 14. f4 Nd7 15. Qc2 Ndc5 16. Rae1 Nxb3 17. Qxb3 Nc5 18. Qc2 Be6 19. b3 Rae8 20. Kh2 Bc8 21. Bg1 Qc7 22. Ne2 Re7 23. Bd4 Rfe8 24. f5 Bxd4 25. Nxd4 Bxf5 26. Nxf5 gxf5 27. Rxf5 Re5 28. Ref1 Rxf5 29. exf5 f6 30. Qc3 Re5 31. Rf4 Kf8 32. Rg4 Rxf5 33. Qe3 Rg5 34. Rxg5 fxg5 35. Qxg5 Qe7 36. Qd2 Kg8 37. Qc3 Qd8 38. Qe3 Qf6 39. h4 Qe5 40. Qf3 Kg7 41. Qg4+ Kf7 42. Qc8 Qe7 43. Qh8 Kg6 44. Bf3 Nxb3 45. Qc3 Nc5 46. Qxa5 Kf6 47. Qd2 Kg7 48. Qd4+ Qf6 49. Qg4+ Kf7 50. a5 Qe5 51. Qc8 Qb2+ 52. Kh3 Qf6 53. Qc7+ Kg8 54. Bg2 Qe6+ 55. Kh2 Qe5 56. Qc8+ Kg7 57. Qg4+ Kf8 58. Qd1 Kg7 59. Bf3 Qb2+ 60. Kh3 Qe5 61. Kh2 Qb2+ 62. Bg2 Qe5 63. Qc2 Qd4 64. Qe2 Qe5 65. Qg4+ Kf8 66. Qc8+ Kg7 67. Qb8 Qe7 68. Qa7 Kf6 69. Qb6 Kg7 70. Qb2+ Qe5 71. Qc2 Qd4 72. Qe2 1/2-1/2

[Event "45th FIDE Chess Olympiad Open"]
[Site "Budapest, Hungary"]
[Date "2024.09.13"]
[Round "3.114"]
[White "Ahn, Hongjin"]
[Black "Vandenbussche, Thibaut"]
[Result "1-0"]
[WhiteElo "2251"]
[BlackElo "2461"]
[PlyCount "65"]
[EventDate "2024.??.??"]
[WhiteTeam "South Korea"]
[BlackTeam "Belgium"]
[BlackTeamCountry "BEL"]
[WhiteClock "0:27:43"]
[BlackClock "0:00:50"]

1. e4 e6 2. d4 d5 3. exd5 exd5 4. Nf3 Nf6 5. h3 h6 6. Bd3 ({RR} 6. c4 Bb4+ 7. Nc3 O-O 8. Be2 dxc4 9. Bxc4 Nbd7 10. O-O Nb6 11. Bb3 c6 12. Ne5 Nbd5 13. Qf3 Be6 14. Bc2 Re8 15. Bd2 Bf8 16. Rad1 Nb4 17. Bb1 Qxd4 18. Bf4 Qb6 19. Bxh6 gxh6 20. Qxf6 Bg7 {Durarbayli,V (2618)-Yanchenko,R (2466) chess.com INT 2024 1-0 (37)}) 6... c5 7. c3 Nc6 8. O-O c4 $146 ({RR} 8... Be7 9. dxc5 Bxc5 10. Re1+ Be6 11. Nbd2 O-O 12. Nb3 Bb6 13. Be3 Re8 14. Nfd4 Nxd4 15. Bxd4 Bxd4 16. Nxd4 Bd7 17. Qd2 a6 18. Rxe8+ Qxe8 19. Re1 Qf8 20. Qf4 Rc8 21. Bf5 Bxf5 22. Nxf5 Rc4 23. Qe5 {Leu,R (1596)-Dragan,C (1603) Kitchener 2006 1-0 (51)}) 9. Bc2 Be7 10. Be3 O-O 11. Qc1 Re8 12. Ne5 Bf8 13. f4 Qb6 14. Bf2 Ne7 15. Nd2 Bf5 16. g4 Bxc2 17. Qxc2 Ng6 18. Bg3 h5 19. g5 Nxe5 20. fxe5 Nh7 21. Rxf7 Nxg5 22. Rf5 Qh6 23. Kh2 Ne6 24. Rg1 Qh7 25. Nf1 Ng5 26. Rg2 Ne4 27. Ne3 Be7 28. Qe2 Bg5 29. Bf4 Bxf4+ 30. Rxf4 h4 31. Nxd5 Ng3 32. Qg4 Qb1 33. Nf6+ 1-0